00763 2200181 4500245007100000020002200071250001100093100001700104650002900121650003100150005001900181260004000200041001400240084001000254300002700264500028100291336000900572 aMenerjang Batas, Janjiku Hari ini Pasti MenangcEstu ErnestohText a978-602-19719-0-1 aCet. 1 aEstu Ernesto aBiografi Tokoh Laki-laki aBiografi Pemain Sepak Bola a20240124110528 aJakartabBagalakon Publishingc2012 aIndonesia a923.2 aii, 250 hlm. :c19 cm. aKeyakinan atas sepakbola yang kuat terpatri di dalam jiwa Edi Baskoro. Kesederhanaan dan optimisme atas kelahiran putra kebanggaanya, Gabriel Omar Baskoro, membuat impiannya tercapai. Semangat membara itu seperti yang terpancar pada pejuang lapangan hijau atas nama negaranya. atext